[Event "Hilversum op"]
[Site "Hilversum"]
[Date "2016.06.17"]
[Round "1"]
[White "Brouwer, Timon"]
[Black "Stark, Lars"]
[Result "0-1"]
[WhiteElo "2011"]
[BlackElo "2385"]
[PlyCount "64"]
[EventDate "2016.06.17"]
[EventType "swiss"]
[EventRounds "6"]
[EventCountry "NED"]
[SourceTitle "CBM 173 Extra"]
[Source "ChessBase"]
[SourceDate "2016.08.29"]
[SourceVersion "1"]
[SourceVersionDate "2016.08.29"]
[SourceQuality "1"]

1. d4 e6 2. Bf4 Nf6 3. e3 c5 4. c3 Nc6 5. Nf3 Nh5 6. Bg5 Qb6 7. Qb3 h6 8. Bh4 g5 9. Bg3 Nxg3 10. hxg3 Bg7 11. g4 d5 12. Nbd2 Bd7 13. dxc5 Qxc5 14. Nd4 Rb8 15. Be2 0-0 16. N2f3 Rfd8 17. Qc2 b5 18. b4 Qb6 19. Kd2 Ne7 20. Rh5 e5 21. Nf5 Bxf5 22. gxf5 d4 23. exd4 exd4 24. Rah1 d3 25. Bxd3 Rbc8 26. Rxg5 hxg5 27. f6 Qxf6 28. Ke2 Nd5 29. Bh7+ Kf8 30. Kf1 Rxc3 31. Qe4 Rc1+ 32. Ne1 Re8 0-1